| 000 | 00871nam a2200265Ia 4500 | ||
|---|---|---|---|
| 003 | OSt | ||
| 005 | 20220923221535.0 | ||
| 006 | a|||||r|||| 00| 0 | ||
| 007 | ta | ||
| 008 | RAJ | ||
| 024 | _a198,006 | ||
| 037 | _cTextual | ||
| 040 |
_aARTS _cARTS _bRAJ |
||
| 041 |
_2RAJ _aRAJ |
||
| 082 | _aO1528,1LKAw, 152N2 | ||
| 100 | _aदूगड़, राजकृष्ण | ||
| 245 | 0 | _aकरणीदान कविया | |
| 246 | _aKaraṇīdān kaviyā | ||
| 260 |
_aनई दिल्ली _b साहित्य अकादमी _c1992 |
||
| 300 |
_a96पृ0 _ccm. |
||
| 490 | _aभारतीय साहित्य के निर्माता | ||
| 650 |
_aहिन्दी साहित्य _9156264 |
||
| 942 |
_hO1528,1LKAw, 152N2 _cTEXL _2CC |
||
| 999 |
_c349876 _d349876 |
||